| 000 | 00662nam a22002057a 4500 | ||
|---|---|---|---|
| 008 | 151027b xxu||||| |||| 00| 0 eng d | ||
| 020 | _a1557384525 | ||
| 041 | 0 | _aeng | |
| 080 | _a004:336 | ||
| 245 | 0 | 0 |
_aNeural networks in finance and investment : _c[edited by] Robert R. Trippi, Efraim Turban. |
| 260 |
_aChicago, Ill. : _bProbus, _c1992. |
||
| 300 |
_axxviii, 513 f. : _bme il.; _c24 cm. |
||
| 650 | 0 | _aFinanca | |
| 650 | 0 | _aNeural networks | |
| 650 | 0 | _aInteligjenca artificiale | |
| 650 | 0 | _aInvestimet | |
| 700 | 1 | _aTrippi, Robert R. | |
| 700 | 1 | _aTurban, Efraim. | |
| 942 |
_2udc _cBK |
||
| 999 |
_c1344 _d1344 |
||